| 000 | 00774nam a22001935i 4500 | ||
|---|---|---|---|
| 001 | 53885 | ||
| 003 | ES-MaACL | ||
| 005 | 20250630001305.0 | ||
| 007 | t| | ||
| 008 | 970901s1857 sp a ||||1| spa d | ||
| 040 |
_aAR _bspa _cAR |
||
| 100 | 1 |
_aFernández y Pérez, Gregorio. _950188 |
|
| 245 | 1 | 0 |
_aHistoria de las antiguedades de Mérida / _cescrita por Gregorio Fernández y Pérez ; mandada imprimir por la Comision de Monumentos Históricos y Artisticos de esta provincia de Badajoz. |
| 260 |
_aBadajoz : _bImp. y Librería de Gerónimo Orduña, _c1857. |
||
| 300 |
_aVIII, 121 p., 4 h. de lám. pleg. ; _c22 cm. |
||
| 710 | 1 |
_aBadajoz (Provincia). _bComision de Monumentos Históricos y Artísticos _92080 |
|
| 852 |
_aES-MaACL _jF-4284 |
||
| 999 |
_c53885 _d53885 |
||